000 00465nab a2200145Ia 4500
003 ES-SlBCS
005 20210601125514.0
008 140529s1998 xxu||||| |||| 00| 0 eng d
041 _aeng
100 1 _aFederico, Giovanni
_9159490
245 0 0 _aItaly's Late Unprofitable Forays into Empire
_c Giovanni Federico
650 0 4 _aImperio Italiano-Fracaso
_9159491
773 0 _tRevista de Historia Economica
_gvol. 16, nº. 1, 1998, págs. 377-402
_wRev701
942 _cAR
999 _c531396
_d531396